000 00705nam a2200229Ia 4500
003 OSt
005 20220926005246.0
006 a|||||r|||| 00| 0
007 ta
008 220923b |||||||| |||| 00| 0 eng d
037 _cGeneral Book
040 _aRTL
_cRTL
_beng
041 _2eng
_aeng
082 _aX9(D26).20k44Q71.N8, N5
100 _aCrow Ben etal
_9309948
245 0 _aSharing the Ganges
_b The politics and technology of river development
260 _a New Delhi
_bSage Publishers India
_c1995
300 _a272p.
_ccm.
650 _aRiver Industry
_9233815
942 _hX9(D26).20k44Q71.N8, N5
_cGB
_2CC
999 _c613325
_d613325